| Поле | Название | Значение |
| |
Тип записи |
a |
| |
Библиографический уровень |
m |
| 001 |
Контрольный номер |
RU/URAIT/585565 |
| 005 |
Дата корректировки |
20260429163702.8 |
| 008 |
Кодируемые данные |
260429s2026 RU y f j 000 0 rus u |
| 020 |
Индекс ISBN |
__ |
| a |
ISBN |
978-5-534-13693-7 |
| c |
Цена, тираж |
769.00 |
| 040 |
Источник каталогиз. |
__ |
| a |
Служба первич. каталог. |
ИКО Юрайт |
| c |
Служба, преобразующая запись |
ИКО Юрайт |
| e |
Правила каталог. |
RCR |
| 041 |
Код языка издания |
__ |
| a |
Код языка текста |
rus |
| 044 |
Код страны публикации |
__ |
| a |
Код страны публикации |
RU |
| 080 |
Индекс УДК |
__ |
| a |
Индекс УДК |
911.3:338.4(075.8) |
| 084 |
Индекс другой классификации/Индекс ББК |
__ |
| 2 |
Источник индекса |
rubbk |
| a |
Индекс другой классификации/Индекс ББК |
65.04я73 |
| 100 |
Автор |
__ |
| a |
Автор |
Гречко Е. А. |
| q |
Полное имя |
Гречко Елена Александровна |
| 245 |
Заглавие |
__ |
| a |
Заглавие |
Географические различия систем корпоративного управления |
| b |
Продолж. заглавия |
учебник для вузов |
| c |
Ответственность |
Е. А. Гречко. |
| 250 |
Сведения об издании |
__ |
| g |
|
испр. и доп |
| a |
Основные сведения об издании |
2-е изд. |
| 256 |
Характеристики компьютерного файла |
__ |
| a |
Характеристики компьютерного файла |
Электрон. дан. |
| 260 |
Выходные данные |
__ |
| a |
Место издания |
Москва |
| b |
Издательство |
Юрайт |
| c |
Дата издания |
2026 |
| 300 |
Физическое описание |
__ |
| a |
Объем |
157 с |
| 440 |
Серия |
__ |
| a |
Серия |
Высшее образование |
| 500 |
Примечания |
__ |
| a |
Примечание |
URL: https://urait.ru/bcode/585565 (дата обращения: 29.04.2026). |
| 520 |
Аннотация |
__ |
| a |
Аннотация |
Учебное пособие посвящено проблемам развития и управления корпоративными системами и их географическим различиям. Приведен обзор основных школ менеджмента, материал об организационной структуре современных компаний. Отдельно освещается аспект управления транснациональными компаниями. Подробно рассмотрены региональные особенности корпоративных систем управления: описаны и охарактеризованы американская, японская и европейская модели, дана их сравнительная характеристика. Соответствует актуальным требованиям Федерального государственного образовательного стандарта высшего образования. Учебное пособие предназначено студентам высших учебных заведений, аспирантам и преподавателям, а также всем интересующимся. |
| 538 |
Прим. о системных особенностях |
__ |
| a |
Прим. о системных особенностях |
Режим доступа: Электронно-библиотечная система Юрайт, для авториз. пользователей |
| 653 |
Ключевые слова |
__ |
| a |
Ключевые слова |
Менеджмент |
| 653 |
Ключевые слова |
__ |
| a |
Ключевые слова |
Менеджмент |
| 653 |
Ключевые слова |
__ |
| a |
Ключевые слова |
Корпоративное управление |
| 653 |
Ключевые слова |
__ |
| a |
Ключевые слова |
Стратегическое и корпоративное управление |
| 653 |
Ключевые слова |
__ |
| a |
Ключевые слова |
Основы корпоративного управления |
| 653 |
Ключевые слова |
__ |
| a |
Ключевые слова |
Корпоративный менеджмент |
| 653 |
Ключевые слова |
__ |
| a |
Ключевые слова |
Анализ корпоративного управления в России |
| 653 |
Ключевые слова |
__ |
| a |
Ключевые слова |
География мирового хозяйства |
| 653 |
Ключевые слова |
__ |
| a |
Ключевые слова |
Основы корпоративного бизнеса |
| 653 |
Ключевые слова |
__ |
| a |
Ключевые слова |
Поддержка национального бизнеса на глобальных рынках |
| 653 |
Ключевые слова |
__ |
| a |
Ключевые слова |
Сравнительный менеджмент |
| 653 |
Ключевые слова |
__ |
| a |
Ключевые слова |
Теория корпоративного управления |
| 653 |
Ключевые слова |
__ |
| a |
Ключевые слова |
Глобализация и социальное управление |
| 653 |
Ключевые слова |
__ |
| a |
Ключевые слова |
География отраслей экономики |
| 653 |
Ключевые слова |
__ |
| a |
Ключевые слова |
Разработка и внедрение корпоративных стандартов |
| 653 |
Ключевые слова |
__ |
| a |
Ключевые слова |
Управление корпоративными системами |
| 653 |
Ключевые слова |
__ |
| a |
Ключевые слова |
Управления корпоративными отношениями |
| 653 |
Ключевые слова |
__ |
| a |
Ключевые слова |
Риски внутренних конфликтов в системе корпоративного управления |
| 653 |
Ключевые слова |
__ |
| a |
Ключевые слова |
Корпоративное управление и контроль |
| 653 |
Ключевые слова |
__ |
| a |
Ключевые слова |
Система корпоративного управления в банках |
| 653 |
Ключевые слова |
__ |
| a |
Ключевые слова |
Корпоративное управление: основные формы и стандарты |
| 653 |
Ключевые слова |
__ |
| a |
Ключевые слова |
Лучшие практики корпоративного управления |
| 653 |
Ключевые слова |
__ |
| a |
Ключевые слова |
Управление корпоративными структурами |
| 653 |
Ключевые слова |
__ |
| a |
Ключевые слова |
Система и модели корпоративного управления |
| 653 |
Ключевые слова |
__ |
| a |
Ключевые слова |
Эффективное корпоративное управление |
| 653 |
Ключевые слова |
__ |
| a |
Ключевые слова |
Институциональные основы корпоративного управления |
| 653 |
Ключевые слова |
__ |
| a |
Ключевые слова |
Современные проблемы корпоративного управления |
| 653 |
Ключевые слова |
__ |
| a |
Ключевые слова |
Модели корпоративного управления в государственном и муниципальном секторе экономики |
| 653 |
Ключевые слова |
__ |
| a |
Ключевые слова |
Корпоративное управление бизнес-системами |
| 653 |
Ключевые слова |
__ |
| a |
Ключевые слова |
Корпоративное управление в логистических организациях |
| 653 |
Ключевые слова |
__ |
| a |
Ключевые слова |
Корпоративное управление энергетическими компаниями |
| 653 |
Ключевые слова |
__ |
| a |
Ключевые слова |
стратегии в корпоративном управлении |
| 653 |
Ключевые слова |
__ |
| a |
Ключевые слова |
Эффективные модели и механизмы корпоративного менеджмента |
| 653 |
Ключевые слова |
__ |
| a |
Ключевые слова |
Корпоративное социальное управление |
| 653 |
Ключевые слова |
__ |
| a |
Ключевые слова |
Развитие корпоративного управления в РФ |
| 653 |
Ключевые слова |
__ |
| a |
Ключевые слова |
Семинар по стратегическому и корпоративному управлению в условиях цифровой экономики |
| 653 |
Ключевые слова |
__ |
| a |
Ключевые слова |
Теория и практика корпоративного управления |
| 653 |
Ключевые слова |
__ |
| a |
Ключевые слова |
Корпоративный контроль и управление |
| 653 |
Ключевые слова |
__ |
| a |
Ключевые слова |
Корпоративное управление организациями с государственным участием |
| 653 |
Ключевые слова |
__ |
| a |
Ключевые слова |
Корпоративное управление рисками |
| 653 |
Ключевые слова |
__ |
| a |
Ключевые слова |
Корпоративное управление на предприятиях с государственным участием |
| 653 |
Ключевые слова |
__ |
| a |
Ключевые слова |
Корпоративный и коммуникативный менеджмент |
| 653 |
Ключевые слова |
__ |
| a |
Ключевые слова |
Модели и методы международного корпоративного управления |
| 653 |
Ключевые слова |
__ |
| a |
Ключевые слова |
Проектная деятельность в отраслях экономики |
| 653 |
Ключевые слова |
__ |
| a |
Ключевые слова |
Корпоративное управление и культура |
| 653 |
Ключевые слова |
__ |
| a |
Ключевые слова |
Корпоративное управление и безопасность |
| 653 |
Ключевые слова |
__ |
| a |
Ключевые слова |
Корпоративное управление на транспорте |
| 653 |
Ключевые слова |
__ |
| a |
Ключевые слова |
Основы современного корпоративного управления |
| 653 |
Ключевые слова |
__ |
| a |
Ключевые слова |
История корпоративного управления |
| 653 |
Ключевые слова |
__ |
| a |
Ключевые слова |
История и методология корпоративного управления |
| 653 |
Ключевые слова |
__ |
| a |
Ключевые слова |
Корпоративный бизнес-менеджмент |
| 653 |
Ключевые слова |
__ |
| a |
Ключевые слова |
Сравнительный анализ национальных моделей корпоративного управления |
| 653 |
Ключевые слова |
__ |
| a |
Ключевые слова |
Стратегический корпоративный менеджмент |
| 653 |
Ключевые слова |
__ |
| a |
Ключевые слова |
Особенности управления корпоративными отношениями |
| 653 |
Ключевые слова |
__ |
| a |
Ключевые слова |
Проектирование систем корпоративного управления |
| 653 |
Ключевые слова |
__ |
| a |
Ключевые слова |
Основы корпоративного управления и контроля |
| 653 |
Ключевые слова |
__ |
| a |
Ключевые слова |
Внутренний контроль и оценка качества корпоративного управления |
| 653 |
Ключевые слова |
__ |
| a |
Ключевые слова |
Информационно-аналитические технологии в корпоративном управлении |
| 653 |
Ключевые слова |
__ |
| a |
Ключевые слова |
Оценка качества корпоративного управления в системе внутреннего контроля |
| 653 |
Ключевые слова |
__ |
| a |
Ключевые слова |
Практика корпоративного управления |
| 856 |
Электронный адрес документа |
40 |
| n |
Местонахождение сервера |
Юрайт |
| g |
|
Электронная книга |
| q |
Тип электронного формата |
html |
| h |
Имя пользователя |
ЮРАЙТ |
| v |
Часы доступа к ресурсу |
20271231 |
| 2 |
Способ доступа |
Показать документ |
| x |
Служебное примечание |
https://urait.ru/book/cover/D58A07CE-BC8A-43C9-95C6-C709D7914817 |
| u |
URL |
https://urait.ru/bcode/585565 |
| 856 |
Электронный адрес документа |
48 |
| q |
Тип электронного формата |
cover |
| u |
URL |
https://urait.ru/book/cover/D58A07CE-BC8A-43C9-95C6-C709D7914817 |
| 911 |
|
__ |
| u |
|
0030=https://urait.ru/bcode/585565 |
| 911 |
|
__ |
| u |
|
073a=9785534136937 |
| u |
|
073d=769.00 |
| 911 |
|
__ |
| u |
|
106a=s |
| 911 |
|
__ |
| u |
|
900l= |
| 952 |
Тип литературы |
__ |
| i |
Дисциплина |
Корпоративное управление |
| 952 |
Тип литературы |
__ |
| i |
Дисциплина |
Стратегическое и корпоративное управление |
| 952 |
Тип литературы |
__ |
| i |
Дисциплина |
Основы корпоративного управления |
| 952 |
Тип литературы |
__ |
| i |
Дисциплина |
Корпоративный менеджмент |
| 952 |
Тип литературы |
__ |
| i |
Дисциплина |
Анализ корпоративного управления в России |
| 952 |
Тип литературы |
__ |
| i |
Дисциплина |
География мирового хозяйства |
| 952 |
Тип литературы |
__ |
| i |
Дисциплина |
Основы корпоративного бизнеса |
| 952 |
Тип литературы |
__ |
| i |
Дисциплина |
Поддержка национального бизнеса на глобальных рынках |
| 952 |
Тип литературы |
__ |
| i |
Дисциплина |
Сравнительный менеджмент |
| 952 |
Тип литературы |
__ |
| i |
Дисциплина |
Теория корпоративного управления |
| 952 |
Тип литературы |
__ |
| i |
Дисциплина |
Глобализация и социальное управление |
| 952 |
Тип литературы |
__ |
| i |
Дисциплина |
География отраслей экономики |
| 952 |
Тип литературы |
__ |
| i |
Дисциплина |
Разработка и внедрение корпоративных стандартов |
| 952 |
Тип литературы |
__ |
| i |
Дисциплина |
Управление корпоративными системами |
| 952 |
Тип литературы |
__ |
| i |
Дисциплина |
Управления корпоративными отношениями |
| 952 |
Тип литературы |
__ |
| i |
Дисциплина |
Риски внутренних конфликтов в системе корпоративного управления |
| 952 |
Тип литературы |
__ |
| i |
Дисциплина |
Корпоративное управление и контроль |
| 952 |
Тип литературы |
__ |
| i |
Дисциплина |
Система корпоративного управления в банках |
| 952 |
Тип литературы |
__ |
| i |
Дисциплина |
Корпоративное управление: основные формы и стандарты |
| 952 |
Тип литературы |
__ |
| i |
Дисциплина |
Лучшие практики корпоративного управления |
| 952 |
Тип литературы |
__ |
| i |
Дисциплина |
Управление корпоративными структурами |
| 952 |
Тип литературы |
__ |
| i |
Дисциплина |
Система и модели корпоративного управления |
| 952 |
Тип литературы |
__ |
| i |
Дисциплина |
Эффективное корпоративное управление |
| 952 |
Тип литературы |
__ |
| i |
Дисциплина |
Институциональные основы корпоративного управления |
| 952 |
Тип литературы |
__ |
| i |
Дисциплина |
Современные проблемы корпоративного управления |
| 952 |
Тип литературы |
__ |
| i |
Дисциплина |
Модели корпоративного управления в государственном и муниципальном секторе экономики |
| 952 |
Тип литературы |
__ |
| i |
Дисциплина |
Корпоративное управление бизнес-системами |
| 952 |
Тип литературы |
__ |
| i |
Дисциплина |
Корпоративное управление в логистических организациях |
| 952 |
Тип литературы |
__ |
| i |
Дисциплина |
Корпоративное управление энергетическими компаниями |
| 952 |
Тип литературы |
__ |
| i |
Дисциплина |
стратегии в корпоративном управлении |
| 952 |
Тип литературы |
__ |
| i |
Дисциплина |
Эффективные модели и механизмы корпоративного менеджмента |
| 952 |
Тип литературы |
__ |
| i |
Дисциплина |
Корпоративное социальное управление |
| 952 |
Тип литературы |
__ |
| i |
Дисциплина |
Развитие корпоративного управления в РФ |
| 952 |
Тип литературы |
__ |
| i |
Дисциплина |
Семинар по стратегическому и корпоративному управлению в условиях цифровой экономики |
| 952 |
Тип литературы |
__ |
| i |
Дисциплина |
Теория и практика корпоративного управления |
| 952 |
Тип литературы |
__ |
| i |
Дисциплина |
Корпоративный контроль и управление |
| 952 |
Тип литературы |
__ |
| i |
Дисциплина |
Корпоративное управление организациями с государственным участием |
| 952 |
Тип литературы |
__ |
| i |
Дисциплина |
Корпоративное управление рисками |
| 952 |
Тип литературы |
__ |
| i |
Дисциплина |
Корпоративное управление на предприятиях с государственным участием |
| 952 |
Тип литературы |
__ |
| i |
Дисциплина |
Корпоративный и коммуникативный менеджмент |
| 952 |
Тип литературы |
__ |
| i |
Дисциплина |
Модели и методы международного корпоративного управления |
| 952 |
Тип литературы |
__ |
| i |
Дисциплина |
Проектная деятельность в отраслях экономики |
| 952 |
Тип литературы |
__ |
| i |
Дисциплина |
Корпоративное управление и культура |
| 952 |
Тип литературы |
__ |
| i |
Дисциплина |
Корпоративное управление и безопасность |
| 952 |
Тип литературы |
__ |
| i |
Дисциплина |
Корпоративное управление на транспорте |
| 952 |
Тип литературы |
__ |
| i |
Дисциплина |
Основы современного корпоративного управления |
| 952 |
Тип литературы |
__ |
| i |
Дисциплина |
История корпоративного управления |
| 952 |
Тип литературы |
__ |
| i |
Дисциплина |
История и методология корпоративного управления |
| 952 |
Тип литературы |
__ |
| i |
Дисциплина |
Корпоративный бизнес-менеджмент |
| 952 |
Тип литературы |
__ |
| i |
Дисциплина |
Сравнительный анализ национальных моделей корпоративного управления |
| 952 |
Тип литературы |
__ |
| i |
Дисциплина |
Стратегический корпоративный менеджмент |
| 952 |
Тип литературы |
__ |
| i |
Дисциплина |
Особенности управления корпоративными отношениями |
| 952 |
Тип литературы |
__ |
| i |
Дисциплина |
Проектирование систем корпоративного управления |
| 952 |
Тип литературы |
__ |
| i |
Дисциплина |
Основы корпоративного управления и контроля |
| 952 |
Тип литературы |
__ |
| i |
Дисциплина |
Внутренний контроль и оценка качества корпоративного управления |
| 952 |
Тип литературы |
__ |
| i |
Дисциплина |
Информационно-аналитические технологии в корпоративном управлении |
| 952 |
Тип литературы |
__ |
| i |
Дисциплина |
Оценка качества корпоративного управления в системе внутреннего контроля |
| 952 |
Тип литературы |
__ |
| i |
Дисциплина |
Практика корпоративного управления |